000 01164nam a2200265Ia 4500
003 OSt
005 20220930095047.0
006 a|||||r|||| 00| 0
007 ta
008 220926b |||||||| |||| 00| 0 hin d
024 _a68525
037 _cTheses
040 _aCRL
_cCRL
_bhin
041 _2hin
_ahin
100 _aमीणा, जितेन्द्र कुमार, ले.
110 _aदिल्ली विश्वविद्यालय. कला संकाय. इतिहास विभाग
245 0 _aराजस्थान में राजनीति और जाति
_b 1930 - 1990, जितेन्द्र कुमार मीणा
246 _aRājasthān mean rājanīti aur jāti: 1930 - 1990, jitendra kumār mīṇā
260 _c2017
300 _a366पृ0
_ap.
_ccm.
650 _aराजनीति विज्ञान
700 _aदिल्ली विश्वविद्यालय. कला संकाय. इतिहास विभाग
942 _cDIS
_2CC
999 _c888248
_d888248